Engineering electromagnetics (Record no. 14309)

000 -LEADER
fixed length control field 00469nam a22001811 4500
001 - CONTROL NUMBER
control field 14309
003 - CONTROL NUMBER IDENTIFIER
control field BD-DhUET
008 - FIXED-LENGTH DATA ELEMENTS--GENERAL INFORMATION
fixed length control field 770802s1958 nyua 000 0 eng
040 ## - CATALOGING SOURCE
Original cataloging agency DLC
Transcribing agency OC
Modifying agency BD-DhUET
082 ## - DEWEY DECIMAL CLASSIFICATION NUMBER
Classification number 537.12
Item number HAY/1981
100 ## - MAIN ENTRY--PERSONAL NAME
Personal name Hayt, William H.
245 10 - TITLE STATEMENT
Title Engineering electromagnetics
250 ## - EDITION STATEMENT
Edition statement 1st ed.
260 ## - PUBLICATION, DISTRIBUTION, ETC. (IMPRINT)
Place of publication, distribution, etc. New York
Name of publisher, distributor, etc. McGraw-Hill Book
Date of publication, distribution, etc. 1958
300 ## - PHYSICAL DESCRIPTION
Extent xiii, 328 p.
Other physical details illus.
Dimensions 24 cm.
650 #0 - SUBJECT ADDED ENTRY--TOPICAL TERM
Topical term or geographic name as entry element Electromagnetic theory
942 ## - ADDED ENTRY ELEMENTS (KOHA)
Koha item type General Book
Holdings
Piece designation (barcode) Lost status Not for loan Source of classification or shelving scheme Koha item type Location (home branch) Date acquired Price effective from Sublocation or collection (holding branch) Shelving location Withdrawn status Damaged status Koha normalized classification for sorting Copy number Koha date last seen Koha full call number
37281   General BookCentral Library, BUET2015-03-072015-03-07Central Library, BUETCirculation section  538_300000000000000_HAY_195812015-03-07538.3/HAY/1958
13592   General BookCentral Library, BUET2015-03-072015-03-07Central Library, BUETCirculation section  538_300000000000000_HAY_195822015-03-07538.3/HAY/1958
11521   General BookCentral Library, BUET2015-03-072015-03-07Central Library, BUETCirculation section  538_300000000000000_HAY_195832015-03-07538.3/HAY/1958
55380   General BookCentral Library, BUET2015-03-182015-03-18Central Library, BUETCirculation section  537_120000000000000_HAY_198142015-03-18537.12/HAY/1981